ក្អែកការកូន : (Record no. 8117)
[ view plain ]
| 000 -LEADER | |
|---|---|
| fixed length control field | 01835nam a22002897a 4500 |
| 001 - CONTROL NUMBER | |
| control field | 8117 |
| 003 - CONTROL NUMBER IDENTIFIER | |
| control field | FISKH |
| 005 - DATE AND TIME OF LATEST TRANSACTION | |
| control field | 20250827103655.0 |
| 008 - FIXED-LENGTH DATA ELEMENTS--GENERAL INFORMATION | |
| fixed length control field | 250827b cb ||||| |||| 00| 0 eng d |
| 020 ## - INTERNATIONAL STANDARD BOOK NUMBER | |
| International Standard Book Number | 9789996325243 |
| 040 ## - CATALOGING SOURCE | |
| Original cataloging agency | FISKH |
| Language of cataloging | khr |
| Transcribing agency | FISKH |
| Modifying agency | FISKH |
| 050 ## - LIBRARY OF CONGRESS CALL NUMBER | |
| Classification number | PZ7 |
| 100 ## - MAIN ENTRY--PERSONAL NAME | |
| Personal name | Mony, Kun |
| 245 ## - TITLE STATEMENT | |
| Title | ក្អែកការកូន : |
| Remainder of title | wedding of the crow's children / |
| Statement of responsibility, etc. | អ្នករៀបរៀង គុណ មន្នី , វិចិត្រកររូបភាព ថៃ សាន |
| 260 ## - PUBLICATION, DISTRIBUTION, ETC. | |
| Place of publication, distribution, etc. | ភ្នំពេញ : |
| Name of publisher, distributor, etc. | Book World , |
| 300 ## - PHYSICAL DESCRIPTION | |
| Extent | 20 pages: |
| Other physical details | color illustrations ; |
| Dimensions | 25 cm . |
| 505 ## - FORMATTED CONTENTS NOTE | |
| Formatted contents note | P <br/> |
| 520 ## - SUMMARY, ETC. | |
| Summary, etc. | ក្អែកអញ្ជើញអណ្តើកទៅសុីការកូននៅចុងត្នោត ។ ពស់ហៅវាអណ្តើកខាំកន្ទុយខ្លួនដើម្បីបានទៅដល់កន្លែងការ ស្រាប់តែវាច្រលំនិយាយជាមួយសត្វដទៃទៀត ក៏ធ្លាក់មកលើដី ហើយស្រាំស្នូករហូតដល់សព្វថ្ងៃ ។ |
| 520 ## - SUMMARY, ETC. | |
| Summary, etc. | A crow invited a turtle to attend a wedding feast at the top of a palm tree. A snake told the turtle to bite its tail so it could carry the turtle up to the wedding. But along the way, the turtle got distracted, talking to other animals, and accidentally let go. It fell to the ground and has remained silent ever since. |
| 521 8# - TARGET AUDIENCE NOTE | |
| Target audience note | 650 <br/> |
| Source | Lexile estimate <br/> |
| 521 8# - TARGET AUDIENCE NOTE | |
| Target audience note | P <br/> |
| Source | Raz-Plus <br/> |
| 650 ## - SUBJECT ADDED ENTRY--TOPICAL TERM | |
| Topical term or geographic name entry element | ក្អែកការកូន |
| Form subdivision | រឿងនិទានកុមារ |
| 650 ## - SUBJECT ADDED ENTRY--TOPICAL TERM | |
| Topical term or geographic name entry element | Wedding of the crow's childdren |
| Form subdivision | Children's stories |
| 700 ## - ADDED ENTRY--PERSONAL NAME | |
| Personal name | San, Thai |
| Relator term | Illustrator |
| 942 ## - ADDED ENTRY ELEMENTS (KOHA) | |
| Source of classification or shelving scheme | Dewey Decimal Classification |
| Koha item type | Khmer Books |
| Suppress in OPAC | No |
| Withdrawn status | Lost status | Source of classification or shelving scheme | Damaged status | Not for loan | Collection | Home library | Current library | Shelving location | Date acquired | Total Checkouts | Full call number | Barcode | Date last seen | Price effective from | Koha item type |
|---|---|---|---|---|---|---|---|---|---|---|---|---|---|---|---|
| Dewey Decimal Classification | Khmer-English Bilingual / ភាសាខ្មែរ-អង់គ្លេស | Footprints International School Library Network Toul Tom Poung Campus | Footprints International School Library Network Toul Tom Poung Campus | TTP Primary Khmer Bookshelves | 08/27/2025 | MON PZ7 | 2025-4272 | 08/27/2025 | 08/27/2025 | Khmer Books |
